Diseño de alternativa de puente prefabricado para pasos a desnivel
Guardado en:
| Hovedforfatter: | |
|---|---|
| Format: | Ukendt |
| Udgivet: |
[San José, Costa Rica]
1981
|
| Fag: | |
| Tags: |
Tilføj Tag
Ingen Tags, Vær først til at tagge denne postø!
|
MARC
| LEADER | 00000 a2200000 4500 | ||
|---|---|---|---|
| 003 | 010129 | ||
| 005 | 20221231143754.0 | ||
| 008 | 140114s1981 c a m 000 ||s d | ||
| 040 | |c cru CEDI | ||
| 090 | |a TFG 1114 | ||
| 100 | |a Taylor Curling, Jorge |9 15699 | ||
| 245 | |a Diseño de alternativa de puente prefabricado para pasos a desnivel | ||
| 260 | |c 1981 |a [San José, Costa Rica] | ||
| 300 | |a 106 hojas : ilustraciones (5 plegables) ; 28 cm | ||
| 500 | |a Tesis (licenciatura en ingeniería civil)--Universidad de Costa Rica. Facultad de Ingeniería. Escuela de Ingeniería Civil | ||
| 650 | |x PUENTES PREFABRICADOS - DISEÑO Y CONSTRUCCION |9 15700 | ||
| 942 | |c TFG | ||
| 999 | |c 11679 |d 11679 | ||
